| 000 | 00984nam a22001577a 4500 | ||
|---|---|---|---|
| 080 | _a342.722+ 341 T 636 | ||
| 100 |
_4aut _aTorres Carcamo, Nixon Jose |
||
| 245 | _aInhabilitacion de Derechos politicos de ciudadanos colombianos por la falta de acatamiento de la primacia del derecho internacional de los Derechos Humanos sobre el Derecho interno del Estado | ||
| 300 | _a202 P. | ||
| 500 | _aDirector de tesis: Farinella, Favio | ||
| 502 | _aTesis (Doctoral)--Universidad Nacional de Mar del Plata. Facultad de Derecho. Departamento de Posgrado. 2024 | ||
| 504 | _aTiene Referencias Bibliograficas: P: 123 a 132 | ||
| 650 |
_2IEDCYT _aderechos civiles y politicos _xPacto internacional de derechos civiles y politicos _xNaciones Unidas _xderechos humanos _xderecho internacional publico _xbloque de constitucionalidad _xinhabilitacion _xcarta internacional de derechos humanos _xConvencion americana de derechos humanos _xjurisprudencia _xanexos |
||
| 945 |
_acd _d2024-12-12 |
||
| 999 |
_c5461 _d235965 |
||